ARRUPE JESUIT UNIVERSITY

CORONAVIRUS -STOP THE SPREAD - CLEAN,DISINFECT,COVER

Wiener Sagen. (Record no. 125922)

MARC details
000 -LEADER
fixed length control field 00822cam a22002891 4500
001 - CONTROL NUMBER
control field 8952201
003 - CONTROL NUMBER IDENTIFIER
control field ARRUPE
005 - DATE AND TIME OF LATEST TRANSACTION
control field 20170119144255.0
008 - FIXED-LENGTH DATA ELEMENTS--GENERAL INFORMATION
fixed length control field 840504s1966 au a b 000 0 ger
010 ## - LIBRARY OF CONGRESS CONTROL NUMBER
LC control number 67078596
015 ## - NATIONAL BIBLIOGRAPHY NUMBER
National bibliography number Au67-1/2-188
035 ## - SYSTEM CONTROL NUMBER
System control number (OCoLC)10693391
040 ## - CATALOGING SOURCE
Original cataloging agency DLC
Transcribing agency InU
Modifying agency InU
-- DLC
042 ## - AUTHENTICATION CODE
Authentication code premarc
043 ## - GEOGRAPHIC AREA CODE
Geographic area code e-au---
050 00 - LIBRARY OF CONGRESS CALL NUMBER
Classification number GR159.A8W6
082 ## - DEWEY DECIMAL CLASSIFICATION NUMBER
Classification number 398.2/09436/13
300 ## - PHYSICAL DESCRIPTION
Dimensions 19cm.
100 1# - MAIN ENTRY--PERSONAL NAME
Personal name Gareis, Bilder von Fritz (ed.)
9 (RLIN) 28205
245 10 - TITLE STATEMENT
Title Wiener Sagen.
Statement of responsibility, etc edited by Gareis, Bilder von Fritz
250 ## - EDITION STATEMENT
Edition statement 2. Aufl.)
260 ## - PUBLICATION, DISTRIBUTION, ETC. (IMPRINT)
Place of publication, distribution, etc Wien,
Name of publisher, distributor, etc Verlag für Jugend und Volk
Date of publication, distribution, etc 1947
300 ## - PHYSICAL DESCRIPTION
Extent 71p.;
650 #0 - SUBJECT ADDED ENTRY--TOPICAL TERM
Topical term or geographic name as entry element Tales
Geographic subdivision Austria
-- Vienna.
9 (RLIN) 28206
700 ## - ADDED ENTRY--PERSONAL NAME
Personal name Sagen, Wiener
Relator term ed.
9 (RLIN) 28207
906 ## - LOCAL DATA ELEMENT F, LDF (RLIN)
a 7
b cbc
c oclcrpl
d u
e ncip
f 19
g y-gencatlg
942 ## - ADDED ENTRY ELEMENTS (KOHA)
Source of classification or shelving scheme Library of Congress Classification
Koha item type Monograph ( Printed materials)
Holdings
Withdrawn status Lost status Source of classification or shelving scheme Damaged status Not for loan Collection code Home library Current library Shelving location Date acquired Total Checkouts Full call number Barcode Date last seen Price effective from Koha item type
    Library of Congress Classification     Main Collection ARRUPE LIBRARY ARRUPE LIBRARY Main Collection 11/01/2017   GR159.A8W6 46500009534 10/04/2018 11/01/2017 Monograph ( Printed materials)

 

Arrupe Library. PO Box MP320 Mt Pleasant, Harare, Zimbabwe
263 242 745411|librarian@aju.ac.zw